[Event "Harmonie Open A"]
[Site "Groningen NED"]
[Date "2005.12.24"]
[Round "2"]
[White "Hartoch,R"]
[Black "Dehn,M"]
[Result "1/2-1/2"]
[WhiteElo "2274"]
[BlackElo "2144"]

1.Nf3 d5 2.g3 c6 3.Bg2 Bf5 4.O-O h6 5.d3 Nf6 6.Nbd2 e6 7.Qe1 Be7 8.e4 Bh7
9.Ne5 O-O 10.f4 Nbd7 11.Nxd7 Qxd7 12.e5 Ne8 13.Nf3 Nc7 14.Be3 a5 15.Qf2 a4
16.a3  1/2-1/2

[Event "XV It"]
[Site "Pamplona ESP"]
[Date "2005.12.24"]
[Round "2"]
[White "Timman,J"]
[Black "Fressinet,L"]
[Result "0-1"]
[WhiteElo "2630"]
[BlackElo "2624"]

1.Nf3 d5 2.g3 Bg4 3.Bg2 c6 4.c4 e6 5.b3 Nd7 6.Bb2 Ngf6 7.O-O a5 8.d3 a4 9.cxd5 cxd5
10.bxa4 Be7 11.Nc3 O-O 12.Rb1 Qa5 13.Nd4 Rfc8 14.h3 Bh5 15.Nb3 Qa6 16.Rc1 Bb4
17.a5 Nc5 18.g4 Bg6 19.f4 Bxd3 20.exd3 Nxd3 21.Nxd5 Nxd5 22.Rxc8+ Rxc8 23.Bxd5 Nxb2
24.Qb1 exd5 25.Qxb2 Qd3 26.Qg2 Rc2 27.Qf3 Qxf3 28.Rxf3 Rxa2 29.Kf1 Ra3 30.Ke2 Kf8
31.Rd3 Ke7 32.Nd4 Rxd3 33.Kxd3 Bxa5 34.Nf5+ Kf6 35.Nd6 Ke6 36.Nf5 g6 37.Nd4+ Kd7
38.Nf3 Bd8 39.h4 h5 40.f5 Kd6 41.fxg6 fxg6 42.gxh5 gxh5 43.Ke3 b5  0-1

[Event "Master Open"]
[Site "Zurich SUI"]
[Date "2005.12.26"]
[Round "1"]
[White "Eidinger,H"]
[Black "Kveinys,A"]
[Result "0-1"]
[WhiteElo "2163"]
[BlackElo "2525"]

1.g3 d5 2.Nf3 c6 3.Bg2 Bg4 4.d4 Nd7 5.Nbd2 Ngf6 6.c4 e6 7.cxd5 exd5 8.O-O Bd6
9.Qb3 Nb6 10.Ne5 Be6 11.Ndf3 Ne4 12.Nd2 Qe7 13.Qc2 f6 14.Ndc4 Nxc4 15.Nxc4 Bc7
16.Nd2 f5 17.f3 Nf6 18.e4 fxe4 19.fxe4 Bb6 20.exd5 Bxd5 21.Bxd5 Nxd5 22.Nf3 O-O
23.Bg5 Bxd4+ 24.Nxd4 Qxg5 25.Rxf8+ Rxf8 26.Re1 Qg4 27.Re4 Qg6 28.Qe2 Nf4
29.Qc4+ Kh8 30.Nf3 Nd5 31.Qe2 Qf5 32.Kg2 Kg8 33.Nd4 Qg6 34.Ne6 Rf6 35.Kg1 h6
36.Nd4 Rf4 37.Re8+ Kh7 38.Ne6 Qb1+ 39.Kg2 Ne3+ 40.Kh3 Qf5+ 41.g4 Rf3+  0-1

[Event "14th Donau Open"]
[Site "Aschach AUT"]
[Date "2005.12.28"]
[Round "4"]
[White "Orel,O"]
[Black "Blasl,D"]
[Result "1-0"]
[WhiteElo "2315"]
[BlackElo "2119"]

1.Nf3 d5 2.g3 Nf6 3.Bg2 c6 4.d3 Bf5 5.Nbd2 Nbd7 6.O-O h6 7.Re1 Bh7 8.e4 dxe4
9.dxe4 e6 10.e5 Nd5 11.a3 b5 12.c4 bxc4 13.Nxc4 Nc5 14.Bf1 a5 15.Nd4 Qc7
16.Qg4 Bg6 17.Bd2 h5 18.Qf3 a4 19.Rac1 Rc8 20.h4 Be7 21.Bg5 Nb7 22.Ne3 Bxg5
23.Nxd5 Qa5 24.Ne3 Bxe3 25.Qxe3 Qb6 26.Bb5 O-O 27.Nxc6 Qxb5 28.Ne7+ Kh7 29.Rxc8 Rxc8
30.Nxc8 Nc5 31.Nd6 Qa5 32.Qc3 Qb6 33.Qb4 Qa7 34.Qd4 Qa5 35.Qc3 Qa7 36.Nc8 Qc7
37.Rc1 Qxc8 38.Qxc5 Qa8 39.Qc6 Qb8 40.Qc3 Qb5 41.Re1 Qd5 42.f3 Bf5 43.Kg2 Bg6
44.Re2 Bf5 45.Rd2 Qb5 46.Qe3 Qc6 47.Qg5 Bg4 48.Rf2 Qa8 49.Qf4 Bf5 50.Qc4 Qa7
51.Re2 Qd7 52.Qc3 Qb5 53.Rd2 Bg6 54.Kf2 Qb6+ 55.Rd4 Qa7 56.Qe3 Qc5 57.Rd1 Qb5
58.Qd4 Qc6 59.Qc3 Qb5 60.g4 Qb7 61.Rd4 hxg4 62.Rxg4 Bf5 63.Rxa4 Qb6+ 64.Rd4 Qb8
65.Rd7 Qb6+ 66.Qd4 Qb3 67.Qc3 Qb6+ 68.Kg2 Qb5 69.Rd2 Qa4 70.b4 Qa7 71.b5 Qe7
72.Qb4 Qc7 73.b6 Qxe5 74.b7 Qa1  1-0

[Event "21st Post Open"]
[Site "Duesseldorf GER"]
[Date "2005.12.28"]
[Round "4"]
[White "Hausrath,D"]
[Black "Trella,T"]
[Result "1/2-1/2"]
[WhiteElo "2463"]
[BlackElo "2218"]

1.Nf3 d5 2.g3 Bg4 3.Bg2 Nd7 4.c4 e6 5.cxd5 exd5 6.O-O Ngf6 7.d3 c6 8.Nc3 Bc5
9.Qb3 Bb6 10.Qa3 Bc5 11.Qb3 Bb6 12.Qa3 Bc5 13.b4 Bd6 14.Qb3 a6 15.e4 dxe4
16.Ng5 O-O 17.h3 Bf3  1/2-1/2

[Event "Masters"]
[Site "Hastings ENG"]
[Date "2005.12.28"]
[Round "1"]
[White "Cafferty,B"]
[Black "Ansell,S"]
[Result "0-1"]
[WhiteElo "2207"]
[BlackElo "2383"]

1.Nf3 d5 2.g3 Nf6 3.Bg2 c6 4.O-O Bg4 5.b3 e6 6.Bb2 Be7 7.d3 O-O 8.c4 Nbd7
9.Nbd2 Qc7 10.Rc1 Rad8 11.Qc2 Qb8 12.Rfe1 Rfe8 13.a3 a5 14.Qc3 Qa7 15.b4 e5
16.b5 d4 17.Qc2 Bf8 18.h3 Bh5 19.g4 Bg6 20.Nh4 Rc8 21.Nxg6 hxg6 22.bxc6 bxc6
23.Rb1 Nc5 24.Bc1 Qc7 25.Nf3 a4 26.e3 e4 27.Nxd4 exd3 28.Qd1 Nfe4 29.Bd2 Qd8
30.Rf1 Qh4 31.Nf3 Qf6 32.Nd4 Rcd8 33.Rb6 Rxd4 34.exd4 Nxd2 35.Rxc6 Qxd4 36.Qxd2 Nb3
37.Qd1 d2 38.Bd5 Qf4 39.Kg2 Bd6 40.Rxd6 Qxd6 41.Qf3 Qf6 42.Qd3 Re1 43.Bf3 Qe7
44.Bd1 Kh7 45.Bc2 Rxf1 46.Kxf1 Qxa3 47.h4 Qc1+  0-1

[Event "Master Open"]
[Site "Zurich SUI"]
[Date "2005.12.28"]
[Round "4"]
[White "Roiz,M"]
[Black "Warakomski,T"]
[Result "1-0"]
[WhiteElo "2600"]
[BlackElo "2396"]

1.Nf3 d5 2.g3 Nf6 3.Bg2 c6 4.O-O Bg4 5.c4 e6 6.cxd5 exd5 7.d3 Nbd7 8.h3 Bxf3
9.Bxf3 Bc5 10.Bg2 O-O 11.e3 Re8 12.Qc2 Bb6 13.Kh1 Qc7 14.Re1 Nf8 15.Nd2 Qe5
16.Nf3 Qh5 17.b3 Ba5 18.Rf1 g5 19.Bb2 g4 20.Nh4 Bd8 21.Qc3 gxh3 22.Bxh3 Ng6
23.Rg1 Re5 24.Qb4 Ne4 25.dxe4 Bxh4 26.gxh4 Rxe4 27.Qc3 Kf8 28.Rg3 Rxh4 29.Kg2 d4
30.exd4 Re8 31.Ba3+ Kg8 32.Re1 Rxe1 33.Qxe1 Qd5+ 34.Kh2 Qxd4 35.Qe8+ Kg7
36.Bf8+ Kf6 37.Be7+ Nxe7 38.Qh8+  1-0

[Event "Open A"]
[Site "Bethune FRA"]
[Date "2005.12.29"]
[Round "6"]
[White "Giffard,N"]
[Black "Astolfi,F"]
[Result "1-0"]
[WhiteElo "2324"]
[BlackElo "2221"]

1.Nf3 d5 2.g3 Nf6 3.Bg2 c6 4.O-O Bf5 5.d3 h6 6.b3 e6 7.Bb2 Be7 8.Qe1 Bh7
9.Nfd2 O-O 10.e4 a5 11.a3 Re8 12.Kh1 Nfd7 13.e5 b5 14.f4 c5 15.Nc3 a4 16.Nxb5 Nb6
17.Qe2 axb3 18.cxb3 Ra5 19.Nc3 c4 20.dxc4 dxc4 21.Nce4 cxb3 22.Nxb3 Rd5 23.a4 Rd3
24.Rfd1 Rxd1+ 25.Rxd1 Qc7 26.Rc1 Qd7 27.a5 Nd5 28.Ra1 Qb7 29.Nbc5 Qa7 30.Qb5 Rc8
31.a6 Bg6 32.Nd6 Rc7 33.Bd4 Nc6 34.Bg1 Qb6 35.Nxe6 Qxb5 36.Nxb5 Rc8 37.a7 Nxa7
38.Nxa7 Rc2 39.Nd4 Rxg2 40.Kxg2 Be4+ 41.Nf3 g5 42.Re1 f5 43.exf6 Nxf6 44.fxg5 hxg5
45.h3 Bb4 46.Re2  1-0

[Event "Master Open"]
[Site "Zurich SUI"]
[Date "2005.12.29"]
[Round "5"]
[White "Ruck,R"]
[Black "Moor,O"]
[Result "1-0"]
[WhiteElo "2535"]
[BlackElo "2377"]

1.Nf3 d5 2.g3 Nf6 3.Bg2 e6 4.O-O Be7 5.d4 O-O 6.c4 dxc4 7.Qc2 a6 8.a4 Bd7
9.Qxc4 Bc6 10.Bg5 a5 11.Nc3 Ra6 12.Qd3 Rb6 13.Qc2 Bxf3 14.Bxf3 Rb4 15.Rfd1 c6
16.Be3 Nd5 17.Bc1 Rb6 18.e4 Nb4 19.Qe2 Re8 20.Bg2 Ra6 21.Be3 Nd7 22.d5 Qc7
23.dxe6 fxe6 24.Bh3 Nf8 25.Rac1 Qb8 26.Qc4 Kh8 27.Rd2 Ra8 28.Rcd1 Qe5 29.Kg2 Qf6
30.Ne2 e5 31.Ng1 Red8 32.Nf3 h6 33.Bf5 Rxd2 34.Rxd2 Na6 35.h4 g6 36.Bh3 Kg7
37.Nxe5 Rd8 38.Rxd8 Bxd8 39.Ng4 Qe7 40.Bxh6+  1-0

[Event "14th Donau Open"]
[Site "Aschach AUT"]
[Date "2005.12.30"]
[Round "6"]
[White "Belezky,S"]
[Black "Dietmayer Kraeutler,M"]
[Result "1-0"]
[WhiteElo "2364"]
[BlackElo "2213"]

1.Nf3 d5 2.g3 Nf6 3.Bg2 Bf5 4.b3 e6 5.Bb2 Be7 6.O-O O-O 7.d3 c5 8.Nh4 Bg4
9.h3 Bh5 10.g4 Bg6 11.Nxg6 hxg6 12.Nd2 Nc6 13.e3 b5 14.f4 Rb8 15.g5 Ne8 16.h4 Rb6
17.a4 a6 18.h5 e5 19.hxg6 fxg6 20.axb5 axb5 21.Ra8 Qxa8 22.Bxd5+ Kh7 23.Qg4 Bxg5
24.fxg5 Rxf1+ 25.Nxf1 Nf6 26.Qh3+ Nh5 27.Be4  1-0

[Event "14th Donau Open"]
[Site "Aschach AUT"]
[Date "2005.12.30"]
[Round "6"]
[White "Orel,O"]
[Black "Ertl,P"]
[Result "1-0"]
[WhiteElo "2315"]
[BlackElo "2023"]

1.Nf3 d5 2.g3 Nf6 3.Bg2 c6 4.d3 Bf5 5.Nbd2 Nbd7 6.O-O e5 7.c4 Be7 8.cxd5 cxd5
9.b3 O-O 10.Bb2 Bd6 11.e4 Bg6 12.exd5 Bxd3 13.Re1 Rc8 14.Nxe5 Bc2 15.Qf3 Bb4
16.Re2 Nc5 17.Ng4 Ne8 18.Nh6+ gxh6 19.Qg4+ Qg5 20.Qxb4 Nd3 21.Qd4 Nxb2 22.Qxb2 Bd3
23.Re5 Qg7 24.Qd4 Nd6 25.Rae1 Ba6 26.Nf3 Rc2 27.a4 Rfc8 28.Qf4 Bd3 29.R5e3  1-0

[Event "Xstrata ch-AUS 2006"]
[Site "Brisbane AUS"]
[Date "2005.12.30"]
[Round "3"]
[White "Johansen,D"]
[Black "Solomon,SJ"]
[Result "1/2-1/2"]
[WhiteElo "2462"]
[BlackElo "2415"]

1.Nf3 d5 2.g3 Nf6 3.Bg2 c6 4.O-O Bg4 5.d4 Nbd7 6.Nbd2 e6 7.Re1 c5 8.c4 cxd4
9.cxd5 e5 10.Nc4 Qc7 11.Ncxe5 Nxe5 12.Bf4 Bd6 13.Qxd4 Ned7 14.Rac1 Qb8 15.Bxd6 Qxd6
16.e4 O-O 17.e5 Qxd5 18.exf6 Nxf6 19.Qxd5 Nxd5 20.h3 Be6 21.Nd4 Rac8 22.Rxc8 Rxc8
23.Nxe6 fxe6 24.Rxe6 Nb4 25.Bxb7 Rc1+ 26.Kg2 Rc2 27.Be4 Rxb2 28.a3 Kf7 29.Re5 Na2
30.Ra5 Nc3 31.Rxa7+ Kf6 32.Bf3 Ra2 33.h4 h6 34.Ra6+ Kf7 35.g4 Kg8 36.Ra7 h5
37.g5 g6 38.Bc6 Rd2 39.Rd7 Ra2 40.a4 Kh8 41.Rd3 Ne2 42.Rd6 Kg7 43.Kf3 Ng1+
44.Kg2 Ne2 45.Rd7+ Kh8 46.Rd6  1/2-1/2

[Event "Master Open"]
[Site "Zurich SUI"]
[Date "2005.12.30"]
[Round "7"]
[White "Troyke,C"]
[Black "Muheim,L"]
[Result "1/2-1/2"]
[WhiteElo "2371"]
[BlackElo "2124"]

1.g3 d5 2.Nf3 Nf6 3.Bg2 e6 4.O-O Be7 5.c4 O-O 6.d4 c6 7.Qc2 Nbd7 8.Nbd2 b6
9.e4 Bb7 10.e5 Ne8 11.cxd5 cxd5 12.Re1 Rc8 13.Qb1 b5 14.Nf1 b4 15.h4 Qb6
16.Bg5 Bxg5 17.Nxg5 g6 18.Qd3 Ba6 19.Qd2 Bxf1 20.Bxf1 Ng7 21.Bh3 Rc4 22.Rad1 b3
23.axb3 Qxb3 24.Re3 Qb6 25.Ra3  1/2-1/2

[Event "10th Open"]
[Site "Bad Zwesten GER"]
[Date "2006.01.02"]
[Round "1"]
[White "Reschke,S"]
[Black "Rymar,E"]
[Result "1-0"]
[WhiteElo "2358"]
[BlackElo "1917"]

1.Nf3 d5 2.g3 Nf6 3.Bg2 e6 4.O-O Be7 5.b3 O-O 6.Bb2 b6 7.c4 Bb7 8.e3 Nbd7
9.Nc3 c5 10.Qe2 Ne4 11.Rfd1 Nxc3 12.Bxc3 Qc7 13.Rac1 dxc4 14.bxc4 Bf6 15.d4 Rac8
16.d5 exd5 17.cxd5 Bxc3 18.Rxc3 Ne5 19.Nh4 c4 20.f4 Nd3 21.Qg4 Qe7 22.Qxg7+ Kxg7
23.Nf5+ Kf6 24.Nxe7 Kxe7 25.d6+ Kxd6 26.Bxb7 Rc5 27.Be4 b5 28.Bxd3 cxd3 29.Rcxd3+ Kc6
30.Ra3 Ra8 31.Ra6+ Kb7 32.Rf6 Rc7 33.Rb1 a6 34.a4 Rd8 35.axb5 Rd2 36.bxa6+ Ka8
37.Re1 Rdc2 38.Rh6 Ka7 39.Ra1  1-0

[Event "XXXV Rilton Cup"]
[Site "Stockholm SWE"]
[Date "2006.01.03"]
[Round "7"]
[White "Karlsson,L"]
[Black "Nyback,T"]
[Result "1/2-1/2"]
[WhiteElo "2501"]
[BlackElo "2563"]

1.g3 d5 2.Nf3 c6 3.Bg2 Nf6 4.b3 Bg4 5.Bb2 Nbd7 6.c4 e6 7.O-O Bd6 8.d3 O-O
9.Nbd2 Qe7 10.a3 a5 11.d4 e5 12.dxe5 Nxe5 13.Re1 Rfe8 14.Qc2 Nxf3+ 15.Nxf3 Bxf3
16.Bxf3 dxc4 17.Qxc4 Be5 18.Bc3 Red8 19.b4 Bxc3 20.Qxc3 Nd5 21.Qc5 axb4 22.Qxe7 Nxe7
23.axb4 Rxa1 24.Rxa1 b5 25.Ra6 Kf8 26.Kg2 Ke8 27.Bxc6+ Nxc6 28.Rxc6 Rd4 29.Rb6 Rxb4
30.Rb8+ Ke7 31.Rb7+ Ke6  1/2-1/2

[Event "Open"]
[Site "Verona ITA"]
[Date "2006.01.06"]
[Round "6"]
[White "Gourlay,I"]
[Black "Popa,F"]
[Result "1/2-1/2"]
[WhiteElo "2363"]
[BlackElo "2206"]

1.Nf3 d5 2.g3 c5 3.Bg2 Nc6 4.d4 e6 5.O-O Nf6 6.c4 dxc4 7.Qa4 Qb6 8.Ne5 cxd4
9.Nd2 Nd5 10.Ndxc4 Qb4 11.Qc2 Nxe5 12.Nxe5 Bd6 13.Nf3 Bd7 14.a3 Qb6 15.Qd3 O-O
16.Nxd4 Bc5 17.Bxd5 exd5 18.Be3 Bxd4  1/2-1/2

[Event "14th Bieze"]
[Site "Arnhem NED"]
[Date "2006.01.07"]
[Round "5"]
[White "Carlier,B"]
[Black "Adly,A"]
[Result "0-1"]
[WhiteElo "2464"]
[BlackElo "2480"]

1.Nf3 d5 2.g3 Nf6 3.Bg2 e6 4.O-O c5 5.d4 Nc6 6.c4 dxc4 7.Qa4 Bd7 8.dxc5 Na5
9.Qc2 Bxc5 10.Ne5 Qc7 11.Bf4 Bd6 12.Qc3 Bb5 13.Na3 Ba6 14.Rfd1 Rd8 15.Rxd6 Rxd6
16.b4 Nh5 17.Be3 Nc6 18.Nexc4 Bxc4 19.Nxc4 Rd7 20.b5 Ne7 21.Bxa7 O-O 22.Qb3 Nf6
23.Bb6 Qb8 24.e4 Nc8 25.Be3 Rfd8 26.h3 Qc7 27.b6 Qb8 28.a4 Rd3 29.Qc2 Rxe3
30.Nxe3 Nxb6 31.Rb1 Nbd7 32.Qb2 Nc5 33.e5 Nfd7 34.Nc4 Qc7 35.a5 Nd3 36.Qb3 N3xe5
37.Nxe5 Nxe5 38.Qb6 Qxb6 39.axb6 Rd6 40.Bxb7 Nd7 41.Bf3 Nxb6 42.h4 g6 43.Kg2 Kg7
44.Rb5 Nc4 45.Be2 Nb6 46.h5 Nd7 47.hxg6 hxg6 48.Bf3 Rd2 49.Bc6 Nf6 50.Kf3 Rc2
51.Bb7 Kh6 52.Ba8 g5 53.Ke3 Ng4+ 54.Kf3 f5 55.Kg2 Rxf2+ 56.Kg1 Re2 57.Bf3 Re3
58.Kg2 Nf6 59.Kf2 f4 60.gxf4 gxf4 61.Rb6 Kg5 62.Rb8 e5 63.Rb5 Ne4+ 64.Kg2 Nd2
65.Bd1 Re1 66.Bf3 Nxf3 67.Kxf3 Re3+ 68.Kf2 Kf5  0-1

[Event "10th Open"]
[Site "Bad Zwesten GER"]
[Date "2006.01.07"]
[Round "8"]
[White "Disterheft,D"]
[Black "Seifart,M"]
[Result "1/2-1/2"]
[WhiteElo "2087"]
[BlackElo "1981"]

1.Nf3 d5 2.g3 Nf6 3.Bg2 e6 4.O-O Be7 5.d3 O-O 6.Nbd2 b6 7.e4 Bb7 8.Re1 dxe4
9.Ng5 Na6 10.Ngxe4 Qc8 11.Nxf6+ Bxf6 12.Ne4 Be7 13.c3 c5 14.Qc2  1/2-1/2

[Event "10th Open"]
[Site "Bad Zwesten GER"]
[Date "2006.01.08"]
[Round "9"]
[White "Gutman,L"]
[Black "Braun,A"]
[Result "1/2-1/2"]
[WhiteElo "2455"]
[BlackElo "2465"]

1.Nf3 d5 2.g3 Nf6 3.Bg2 Nbd7 4.O-O e5 5.d4 e4 6.Ne5 Bd6 7.Nxd7 Bxd7 8.c4 c6
9.Bg5 Be6 10.cxd5 cxd5 11.Nc3 O-O 12.Qb3 Qb6 13.Qxb6 axb6 14.Nb5 Be7 15.Rfc1 Rac8
16.Bf4 Rc6 17.Bf1 h6 18.a3 g5 19.Bd2 Bd7 20.e3 Ra8 21.Nc3 Kf8 22.Be2 Rac8
23.Bd1 R6c7 24.Bb3 Be6 25.Nb5 Rxc1+ 26.Bxc1 Bd7 27.Nc3 Bc6 28.Bd2 Ke8 29.Kg2 Kd7
30.f3 exf3+ 31.Kxf3 Ne4 32.Nxe4 dxe4+ 33.Kg4 f5+ 34.Kh5 Bb5 35.Rc1 Rf8 36.Kg6 Bd6
37.Kg7 Re8 38.a4 Bd3 39.Bd5 f4 40.Bxb7 fxe3 41.Bxe3 Rf8 42.Bg1 h5 43.Bc6+ Ke6
44.d5+ Ke7 45.Bd4 h4 46.Bb5 Bxb5 47.axb5 hxg3 48.hxg3 Bxg3 49.Kg6 g4 50.Rc6 Bf2
51.Bxf2  1/2-1/2

[Event "TCh-BEL 2005-6"]
[Site "Belgium BEL"]
[Date "2006.01.08"]
[Round "6"]
[White "Schebler,G"]
[Black "Mullon,J"]
[Result "1/2-1/2"]
[WhiteElo "2474"]
[BlackElo "2355"]

1.Nf3 d5 2.g3 Nf6 3.Bg2 c6 4.c4 dxc4 5.O-O g6 6.a4 Bg7 7.Na3 Qd5 8.Ne1 Qd4
9.Qc2 Be6 10.e3 Qg4 11.e4 Nbd7 12.Nxc4 Qh5 13.d4 Ng4 14.h3 Ngf6 15.Nd3 g5
16.f4 Nxe4 17.Bxe4 Qxh3 18.Nde5 Qxg3+ 19.Bg2 gxf4 20.Ra3 Qh4 21.Rxf4 Qe1+
22.Kh2 Bh6 23.Rg3 Bxf4 24.Bxf4 Nf6 25.Qb3 h5 26.Rh3 Rd8 27.Qxb7 Bxh3 28.Kxh3 Ng4
29.Bf3 Nf2+ 30.Kh2 Ng4+ 31.Kh3 Nf2+  1/2-1/2

[Event "12th Open A"]
[Site "Bosnjaci CRO"]
[Date "2006.01.08"]
[Round "9"]
[White "Ivekovic,M"]
[Black "Ascic,P"]
[Result "1/2-1/2"]
[WhiteElo "2330"]
[BlackElo "2348"]

1.Nf3 d5 2.g3 g6 3.Bg2 Bg7 4.d4 c5 5.c3 Nd7 6.O-O Ngf6 7.Nbd2 O-O 8.Qc2 Qc7
9.Ne1 e5 10.dxe5 Nxe5 11.e4 Be6 12.exd5 Nxd5 13.Nef3 Bf5 14.Qb3 c4 15.Qb5 Nb6
16.Nxe5 Bxe5 17.Nf3 Bd6 18.Be3 Rfe8 19.a4 Nd7 20.Rfd1 Bd3 21.Ne1 Be4 22.Rd4 Bxg2
23.Kxg2 Ne5 24.Bf4 a6 25.Qd5 Rad8 26.Rad1 Nc6 27.Bxd6 Nxd4 28.Rxd4 Qb6 29.Nf3 Re6
30.Bc5 Rxd5 31.Bxb6 Rxd4 32.Bxd4 Re2 33.a5 Rxb2 34.Ne5 Ra2 35.Bb6 Ra4 36.Kf3 f6
37.Nd7 Kf7 38.Ke4 Ra2 39.Kd5 Rd2+ 40.Bd4 Ra2 41.Bb6 Rd2+ 42.Bd4 Ra2 43.Nxf6 Rxa5+
44.Kxc4 Ra4+ 45.Kc5 Rxd4 46.cxd4 Kxf6 47.Kd6 a5 48.d5 a4 49.Kc7 a3 50.d6 a2
51.d7 a1=Q 52.d8=Q+ Kg7 53.Qd7+ Kg8 54.Qd8+  1/2-1/2

[Event "Keres Mem B"]
[Site "Tallin EST"]
[Date "2006.01.10"]
[Round "5"]
[White "Seeman,T"]
[Black "Jonkman,H"]
[Result "1-0"]
[WhiteElo "2422"]
[BlackElo "2470"]

1.g3 d5 2.Nf3 c6 3.Bg2 Bg4 4.b3 Nd7 5.Bb2 Ngf6 6.O-O e6 7.d3 Bc5 8.Nbd2 Qc7
9.a3 a5 10.e4 dxe4 11.dxe4 e5 12.h3 Bxf3 13.Qxf3 O-O 14.h4 Bd4 15.c3 Ba7
16.b4 axb4 17.axb4 b5 18.c4 bxc4 19.Nxc4 Rfb8 20.Qf5 Rb5 21.Rfc1 Rab8 22.Na5 c5
23.Ba3 Rxb4 24.Bxb4 Rxb4 25.Nc4 g6 26.Qf3 Kg7 27.Qa3 Bb6 28.Qd3 Nf8 29.Bh3 Qb7
30.f3 Bc7 31.Kg2 Ne6 32.Bxe6 fxe6 33.Qa3 h6 34.Qa6 g5 35.Qxb7 Rxb7 36.hxg5 hxg5
37.Rab1 Rxb1 38.Rxb1 Ne8 39.Rb5 g4 40.fxg4 Nd6 41.Rxc5 Bb8 42.Nxd6 Bxd6 43.Rc6  1-0

[Event "Keres Mem B"]
[Site "Tallin EST"]
[Date "2006.01.12"]
[Round "8"]
[White "Shvyrjov,I"]
[Black "Starostits,A"]
[Result "0-1"]
[WhiteElo "2491"]
[BlackElo "2377"]

1.Nf3 d5 2.g3 Nf6 3.Bg2 c6 4.b3 Bf5 5.Bb2 e6 6.d3 Be7 7.h3 h6 8.O-O O-O 9.Nbd2 Nbd7
10.Qe1 Bh7 11.e4 a5 12.a3 Qb6 13.Qe2 Qa6 14.e5 Ne4 15.Nb1 Nec5 16.Re1 b5
17.Nbd2 Nb7 18.h4 a4 19.b4 c5 20.c3 Nd8 21.Rec1 Nc6 22.d4 cxd4 23.cxd4 Rac8
24.Bf1 Na7 25.Rc5 Nb6 26.Rc3 Nc4 27.Ra2 Rc7 28.Ne1 Qb6 29.Ndf3 Nc6 30.Rc1 Rfc8
31.Rd1 Bf5 32.Ba1 Bg4 33.Kh2 Bxb4 34.axb4 Nxb4 35.Rb1 Nxa2 36.Qxa2 Qa5 37.Bxc4 Rxc4
38.Nd2 Rb4 39.Nb3 Rxb3 40.Rxb3 Qxe1 41.Rb1 Rc1 42.Rxc1 Qxc1 43.Kg2 a3 44.f3 Bf5
45.g4 Bd3 46.h5 Bc4 47.Qf2 Qxa1 48.Qh4 Qf1+ 49.Kh2 Qe2+ 50.Kh3 a2 51.Qd8+ Kh7
52.g5 Qxf3+ 53.Kh2 Qxh5+ 54.Kg3 Qxg5+  0-1

[Event "2nd Bundesliga Ost 2005-6"]
[Site "Austria AUT"]
[Date "2006.01.14"]
[Round "5"]
[White "Petran,Pe"]
[Black "Beckhuis,G"]
[Result "1-0"]
[WhiteElo "2341"]
[BlackElo "2322"]

1.g3 d5 2.Nf3 Nf6 3.Bg2 c6 4.d3 Bg4 5.Nbd2 Nbd7 6.h3 Bh5 7.O-O e6 8.b3 Bd6
9.Bb2 Qe7 10.a3 O-O 11.Re1 Rfd8 12.e4 dxe4 13.dxe4 e5 14.Qc1 b5 15.Nh4 Bc7
16.Nf5 Qf8 17.a4 Nc5 18.a5 Rd7 19.Ba3 Rad8 20.Nf1 Rd1 21.Qe3 Rxe1 22.Rxe1 Nfd7
23.g4 Bg6 24.Rd1 a6 25.Rxd7 Rxd7 26.Bxc5 Qd8 27.b4 f6 28.Bf3 Bf7 29.Be2 Be6
30.Qc1 g6 31.N5e3 h5 32.c4 f5 33.cxb5 cxb5 34.Nd5 hxg4 35.Nxc7 Rxc7 36.Qh6 Qf6
37.exf5 Bxf5 38.hxg4 Rh7 39.Qd2 Be4 40.f3 Bxf3 41.Bxf3 Qxf3 42.Qd8+ Kg7 43.Qe7+ Kg8
44.Qe8+ Kg7 45.Qxe5+ Qf6 46.Qe4 Kg8 47.Bd4 Qf7 48.Ne3 Rh3 49.Kg2 Rh4 50.Kg3 Rh6
51.Qa8+ Qf8 52.Qxf8+ Kxf8 53.Kf4 Rh1 54.Ke5 Kf7 55.Kd5 Rc1 56.Bc5 Kf6 57.Kc6 Ke5
58.Kb6 Ke4 59.Kxa6 Rxc5 60.bxc5 b4  1-0

[Event "2nd Bundesliga Ost 2005-6"]
[Site "Austria AUT"]
[Date "2006.01.15"]
[Round "6"]
[White "Tibensky,R"]
[Black "Varga,Zo"]
[Result "1/2-1/2"]
[WhiteElo "2408"]
[BlackElo "2525"]

1.Nf3 d5 2.g3 c5 3.Bg2 Nc6 4.O-O e5 5.d3 f6 6.Nc3 Be6 7.e4 Nge7 8.a3 Qd7
9.Rb1 Rc8 10.Bd2 b6 11.Kh1 d4 12.Ne2 Ng6 13.Ne1 Be7 14.c4 dxc3 15.Nxc3 Nd4
16.Nd5 O-O 17.Nc2 Bd6 18.Nce3 Ne7 19.Bc3 Nxd5 20.Nxd5 Nb5 21.Ne3 Rfd8 22.a4 Nc7
23.Qc2 Bf8 24.Rfd1 Qf7 25.b3 Na6 26.Qb2 Nb8 27.f4  1/2-1/2

[Event "4NCL 2005-06"]
[Site "Birmingham ENG"]
[Date "2006.01.15"]
[Round "6"]
[White "Gourlay,I"]
[Black "Broom,M"]
[Result "1-0"]
[WhiteElo "2363"]
[BlackElo "2189"]

1.Nf3 d5 2.g3 Nf6 3.Bg2 Bf5 4.c4 c6 5.cxd5 cxd5 6.Qb3 Qb6 7.Qxb6 axb6 8.Nc3 Nc6
9.d3 e6 10.O-O Bc5 11.Bf4 O-O 12.Nh4 Bg4 13.h3 Bh5 14.g4 Bg6 15.Rfc1 Ra6
16.a3 Rfa8 17.Rab1 Nd4 18.Nxg6 hxg6 19.e3 Nb3 20.Rc2 Rc8 21.Ne2 Re8 22.Rc3 e5
23.Bg3 Nd2 24.Rd1 d4 25.Rxc5 bxc5 26.Rxd2 Rb6 27.Rc2 e4 28.Nc1 exd3 29.Nxd3 dxe3
30.fxe3 Rxe3 31.Bc7 Rbe6 32.Nxc5 Re2 33.Rxe2 Rxe2 34.b4 Re7 35.Bd8 Re3 36.a4 Re1+
37.Kf2 Rb1 38.b5 Rb2+ 39.Kg3 Ra2 40.Bxb7 Ra3+ 41.Bf3 Nd5 42.b6 f5 43.gxf5  1-0

[Event "4th Parsvnath Open"]
[Site "New Delhi IND"]
[Date "2006.01.15"]
[Round "2"]
[White "Syed,N"]
[Black "Mohota,N"]
[Result "0-1"]
[WhiteElo "2061"]
[BlackElo "2318"]

1.Nf3 d5 2.g3 Nf6 3.Bg2 b5 4.a4 b4 5.c4 bxc3 6.Nxc3 e6 7.O-O Nbd7 8.d4 Be7
9.Qc2 c5 10.dxc5 Bxc5 11.e4 Ba6 12.Rd1 Ng4 13.Rd2 d4 14.Nxd4 Nxf2 15.Nb3 Bd3
16.Rxd3 Nxd3+ 17.Nxc5 N3xc5 18.b4 Na6 19.Nb5 O-O 20.Qb3 Ne5 21.Bb2 Qd3 22.Qxd3 Nxd3
23.Ba3 Naxb4 24.e5 Rab8 25.Nxa7 Nc2 26.Bxf8 Nxa1 27.Bd6 Rb1+ 28.Bf1 Nc2 29.Kg2 Ne3+
30.Kf3 Nxf1 31.Ke2 Nb2 32.a5 Ra1  0-1

[Event "4th Parsvnath Open"]
[Site "New Delhi IND"]
[Date "2006.01.17"]
[Round "4"]
[White "Zhumabaev,R"]
[Black "Saptarshi,R"]
[Result "1-0"]
[WhiteElo "2405"]
[BlackElo "2363"]

1.Nf3 d5 2.g3 g6 3.Bg2 Bg7 4.d4 e6 5.O-O Ne7 6.c4 O-O 7.Qc2 Nbc6 8.Rd1 a5
9.Na3 Nf5 10.e3 Nd6 11.b3 Nb4 12.Qe2 b6 13.Bb2 Ba6 14.Ne5 c6 15.Nc2 Nxc2
16.Qxc2 Rc8 17.c5 Nb7 18.cxb6 Bxe5 19.dxe5 c5 20.e4 d4 21.Bc1 d3 22.Qb2 c4
23.bxc4 Rxc4 24.Bf1 Rxe4 25.Bh6 Re8 26.Rac1 Rb4 27.Qc3 Rd4 28.Qc7 d2 29.Qxd8 Rexd8
30.Rc2 Re4 31.Be3 Bxf1 32.Kxf1 Rxe5 33.Rc7 Rb8 34.Rxd2 Rb5 35.Rdd7 Nd8 36.h4 e5
37.b7 Kg7 38.Rc8 R5xb7 39.Rdxd8 Rxc8 40.Rxc8 Rb2 41.a3 Rb3 42.Bc1 Rb5 43.Ke2 e4
44.Bd2 Rb3 45.Rc3 Rb5 46.Rc4  1-0

[Event "Winter Cup"]
[Site "Bucharest ROM"]
[Date "2006.01.18"]
[Round "5"]
[White "Badea,B"]
[Black "Chirila,I"]
[Result "1-0"]
[WhiteElo "2492"]
[BlackElo "2376"]

1.Nf3 d5 2.g3 Bg4 3.Bg2 Nd7 4.c4 e6 5.cxd5 exd5 6.O-O c6 7.d3 Bd6 8.Qc2 Ne7
9.Nc3 O-O 10.e4 Nc5 11.h3 Bh5 12.Ne2 Ne6 13.g4 Bg6 14.Nh4 dxe4 15.dxe4 f6
16.Nf5 Qc7 17.Be3 Bf7 18.Nxd6 Qxd6 19.Rad1 Qc7 20.f4 Rfe8 21.b3 Rad8 22.h4 Nf8
23.Bf2 h5 24.g5 f5 25.Rxd8 Qxd8 26.Ng3 fxe4 27.Bxe4 Qc7 28.Bd4 Nd5 29.Qf2 Qd7
30.f5 Nf4 31.Kh2 Ne2 32.Qxe2 Qxd4 33.g6 Nxg6 34.fxg6 Bxg6 35.Rf2 Qd6 36.Qc4+ Kh7
37.Bxg6+ Qxg6 38.Rf5  1-0

[Event "TCh-HUN 2005-6"]
[Site "Hungary HUN"]
[Date "2006.01.22"]
[Round "6"]
[White "Kende,G"]
[Black "Pavel,M"]
[Result "1/2-1/2"]
[WhiteElo "2232"]
[BlackElo "2190"]

1.Nf3 d5 2.g3 Nf6 3.Bg2 c6 4.O-O Bf5 5.d3 e6 6.Nbd2 Be7 7.b3 O-O 8.Bb2 Nbd7
9.c4 h6 10.Qc2 Bh7 11.a3 a5 12.Bc3 Re8 13.b4  1/2-1/2

[Event "Winter Cup"]
[Site "Bucharest ROM"]
[Date "2006.01.23"]
[Round "10"]
[White "Badea,B"]
[Black "Murariu,A"]
[Result "1/2-1/2"]
[WhiteElo "2492"]
[BlackElo "2441"]

1.Nf3 d5 2.g3 c6 3.Bg2 Nf6 4.O-O Bf5 5.d3 e6 6.Nbd2 h6 7.Qe1 Bh7 8.e4 dxe4
9.dxe4 Be7 10.Qe2 O-O  1/2-1/2

[Event "Classic"]
[Site "Queenstown NZL"]
[Date "2006.01.23"]
[Round "9"]
[White "Wohl,A"]
[Black "Tabatt,H"]
[Result "0-1"]
[WhiteElo "2439"]
[BlackElo "2223"]

1.Nf3 d5 2.g3 Nf6 3.Bg2 c6 4.O-O Bg4 5.d3 Nbd7 6.Nbd2 e5 7.e4 dxe4 8.dxe4 Qc7
9.h3 Bh5 10.Qe1 O-O-O 11.a4 Ne8 12.a5 f6 13.Nc4 Bf7 14.Qc3 Nc5 15.Re1 Na6
16.Ncd2 Bb4 17.Qe3 Nd6 18.Bf1 Bc5 19.Qe2 Nb4 20.Qd1 f5 21.Ng5 Nxe4 22.Ngxe4 fxe4
23.Qg4+ Qd7 24.Qxd7+ Rxd7 25.Nxe4 Be7 26.Bd3 Nxd3 27.cxd3 Rxd3 28.Be3 Bb4
29.Rec1 Bd5 30.Nc5 Rxe3 31.fxe3 Bd2 32.e4 Bxc1 33.Rxc1 Bf7 34.a6 b6 35.Nd3 Kc7
36.Nxe5 Be8 37.b4 Kd6 38.Nc4+ Ke6 39.Kf2 Bd7 40.Ke3 Bc8 41.Nxb6 axb6 42.Rxc6+ Kd7
43.Rxb6 Kc7 44.a7 Bd7 45.Ra6 Ra8 46.Ra5 Kb6 47.Kd4 Rxa7 48.Rxa7 Kxa7 49.Kd5 Bxh3
50.e5 g5 51.e6 h5 52.e7 Bd7 53.Ke5 Kb6  0-1